Edge of empires (Record no. 164758)
[ view plain ]
| 000 -LEADER | |
|---|---|
| fixed length control field | 01408nam a22003374a 4500 |
| 082 04 - DEWEY DECIMAL CLASSIFICATION NUMBER | |
| Classification number | 951.25/04 |
| 100 1# - MAIN ENTRY--AUTHOR NAME | |
| Personal name | Carroll, John M. |
| 245 10 - TITLE STATEMENT | |
| Title | Edge of empires |
| 260 ## - PUBLICATION, DISTRIBUTION, ETC. (IMPRINT) | |
| Place of publication | Cambridge, Mass. ; |
| -- | London, Eng. : |
| Name of publisher | Harvard University Press, |
| Year of publication | 2005. |
| 300 ## - PHYSICAL DESCRIPTION | |
| Number of Pages | xii, 260 p. : |
| Other physical details | map. |
| 856 40 - ELECTRONIC LOCATION AND ACCESS | |
| Uniform Resource Identifier | http://site.ebrary.com/lib/rucke/Doc?id=10313856 |
No items available.
